[Event "Berlin Spandau op"]
[Site "Berlin"]
[Date "2019.12.27"]
[Round "2"]
[White "Skibbe, Willi"]
[Black "Faust, Adrian"]
[Result "1-0"]
[WhiteElo "2223"]
[BlackElo "1929"]
[PlyCount "73"]
[EventDate "2019.12.27"]
[EventType "swiss"]
[EventRounds "7"]
[EventCountry "GER"]
[SourceTitle "CBM 194 Extra"]
[Source "ChessBase"]
[SourceDate "2020.03.31"]
[SourceVersion "1"]
[SourceVersionDate "2020.03.31"]
[SourceQuality "1"]

1. c4 Nf6 2. g3 g6 3. Bg2 Bg7 4. Nc3 0-0 5. e3 d6 6. Nge2 c5 7. 0-0 Nbd7 8. d4 Rb8 9. b3 a6 10. a4 b6 11. Bb2 Bb7 12. d5 Qc7 13. Qd2 h5 14. h3 Bc8 15. Rad1 Re8 16. e4 Nh7 17. Kh1 Ndf8 18. Rfe1 Bd7 19. Nc1 Bd4 20. Nd3 Qc8 21. Kh2 e5 22. dxe6 Nxe6 23. f4 b5 24. axb5 axb5 25. f5 Nc7 26. fxg6 fxg6 27. Nf4 bxc4 28. bxc4 Kg7 29. Nb5 Nxb5 30. cxb5 Nf6 31. Bxd4 cxd4 32. Qxd4 Bxb5 33. Nd5 Re6 34. Nxf6 Rxf6 35. Rf1 Qf8 36. Rxf6 Qxf6 37. Qa7+ 1-0

[Event "Potsdam Christmas 35th"]
[Site "Potsdam"]
[Date "2010.12.29"]
[Round "5.37"]
[White "Bielick, Jakob"]
[Black "Faust, Adrian"]
[Result "1-0"]
[WhiteElo "1700"]
[BlackElo "1194"]
[PlyCount "71"]
[EventDate "2010.12.27"]
[EventType "swiss"]
[EventRounds "7"]
[EventCountry "GER"]
[SourceTitle "EXT 2022"]
[Source "ChessBase"]
[SourceDate "2021.10.06"]
[SourceVersion "1"]
[SourceVersionDate "2021.10.06"]
[SourceQuality "1"]

1. e4 e5 2. Nf3 Nf6 3. Nxe5 d6 4. Nf3 Nxe4 5. d4 Bg4 6. Bd3 Nf6 7. 0-0 Be7 8. h3 Be6 9. Re1 0-0 10. Qe2 h6 11. Nc3 Nc6 12. a3 a5 13. Ne4 d5 14. Nxf6+ Bxf6 15. c3 Re8 16. Bc2 Ne7 17. g4 Qd7 18. Qd3 Ng6 19. Ne5 Bxe5 20. dxe5 Bxg4 21. hxg4 Qxg4+ 22. Kf1 Qc4 23. Qxc4 dxc4 24. Bxg6 fxg6 25. Bf4 Re6 26. Rad1 Rae8 27. Rd7 R8e7 28. Red1 Kf7 29. R1d4 b5 30. R7d5 c6 31. Rc5 g5 32. Bh2 Kg6 33. Rd6 Kf7 34. Rcxc6 Rxd6 35. exd6 Rd7 36. Rb6 1-0